000 00527nam a22001817a 4500
999 _c13687
_d13687
003 AR-CdUCM
008 190416b ||||| |||| 00| 0 spa d
040 _aMUNICIPALIDAD PROVINCIAL DEL CUSCO
_cBIBLIOTECA MUNICIPAL DEL CUSCO
082 _aC / 860.1 /
_bP26
100 _aParra, Nicanor
_913977
245 _aCartas del poeta que duerme en una silla /
300 _a22 páginas ;
_c22 cm.
500 _ano hay datos.
505 _aPoesía.
650 _aPoesía.
_9139
942 _2ddc
_cFOLLETOS
945 _awfj
_d2019-04-16